000 01079nam2a22002531 4500
001 RU\NLR\INFOCOMM10\1000145310
005 20250617154050.0
035 _a(NLR Aleph) 002752160
090 _a2152242
_c2152242
100 _a20040205d1984 |||y0rusy50 ca
101 0 _arus
102 _aRU
105 _ay |||||||||
200 1 _aМатематическое моделирование надежности комплексной защиты трубопроводов от коррозии
_fЗиневич, А.М.
210 _d1984
_aБ. м.
461 0 _1001RU\NLR\INFOCOMM10\1000145223
_12001#$aГазовая промышленность$iСерия "Транспорт и хранение газа"$v1984, Вып.15
_92151465
_cМ.
_d1976-
_iСерия "Транспорт и хранение газа"
_tГазовая промышленность
_v1984, Вып.15
700 1 _aЗиневич
_bА.М.
_4070
801 1 _aRU
_bInfoComm
_c20040205
801 0 _aRU
_bNLR
_gPSBO
852 _aNLR
_jП22/4513
942 _cISSUE
980 _aNB
980 _aRUSPER